Business combinations consolidated financial statements (Record no. 77872)
[ view plain ]
| 000 -LEADER | |
|---|---|
| fixed length control field | 00927nam a2200217 a 4500 |
| 008 - FIXED-LENGTH DATA ELEMENTS--GENERAL INFORMATION | |
| fixed length control field | 120416s1983 ||||||||||||||||| || u |
| 020 ## - INTERNATIONAL STANDARD BOOK NUMBER | |
| International Standard Book Number | 0256027889 |
| 050 ## - LIBRARY OF CONGRESS CALL NUMBER | |
| Classification number | HF 5681.B2 Bel |
| 100 ## - MAIN ENTRY--PERSONAL NAME | |
| Personal name | Belcher, Finley E |
| 245 10 - TITLE STATEMENT | |
| Title | Business combinations consolidated financial statements |
| 260 ## - PUBLICATION, DISTRIBUTION, ETC. | |
| Place of publication, distribution, etc. | Homewood, Ill. |
| Name of publisher, distributor, etc. | Richard D. Irwin |
| Date of publication, distribution, etc. | 1983 |
| 300 ## - PHYSICAL DESCRIPTION | |
| Extent | xi, 378p. : ill |
| 350 ## - | |
| -- | 0.00 |
| 490 ## - | |
| -- | The Willard J. Graham series in accounting |
| 500 ## - GENERAL NOTE | |
| General note | Bibliography |
| 650 #0 - SUBJECT ADDED ENTRY--TOPICAL TERM | |
| Topical term or geographic name entry element | ACCOUNTING--HANDBOOKS, MANUALS, ETC |
| 650 ## - SUBJECT ADDED ENTRY--TOPICAL TERM | |
| Topical term or geographic name entry element | Financial statements, Consolidated |
| 700 ## - ADDED ENTRY--PERSONAL NAME | |
| Personal name | Stickney, Clyde P |
| 995 ## - | |
| -- | ANNEX COLLECTION (Main Library) |
| -- | 0.00 |
| -- | 709577 |
| -- | CBU-MAIN LIBRARY (Kitwe) |
| -- | 1 |
| -- | 20.00 |
| -- | HF 5681.B2 Bel |
| -- | 1 |
| -- | AVAILABLE |
| -- | 006821 |
| -- | Annex Low-Usage Collection |
| 995 ## - | |
| -- | BINDERY (DAMAGED) |
| -- | 0.00 |
| -- | 709578 |
| -- | CBU-MAIN LIBRARY (Kitwe) |
| -- | 2 |
| -- | 20.00 |
| -- | HF 5681.B2 Bel |
| -- | 2 |
| -- | DAMAGED |
| -- | 006822 |
| -- | Main Library Open Access Collection |
| 999 ## - | |
| -- | 77872 |
| -- | 77872 |
| Withdrawn status | Lost status | Source of classification or shelving scheme | Damaged status | Not for loan | Permanent Location | Current Location | Shelving location | Date acquired | Total Checkouts | Full call number | Barcode | Date last seen | Copy number | Price effective from | Koha item type |
|---|---|---|---|---|---|---|---|---|---|---|---|---|---|---|---|
| CBU-MAIN LIBRARY, KITWE. | CBU-MAIN LIBRARY, KITWE. | 05/03/2023 | HF 5681.B2 Bel | 006821 | 05/03/2023 | 1 | 05/03/2023 | MONOGRAPH | |||||||
| CBU-MAIN LIBRARY, KITWE. | CBU-MAIN LIBRARY, KITWE. | 05/03/2023 | HF 5681.B2 Bel | 006822 | 05/03/2023 | 2 | 05/03/2023 | MONOGRAPH |